Oversight Hearing on Wildfire Risk, Forest Health, and Associated Management Priorities of the U.S. Forest Service.

Bibliographic Details
Format: Government Document eBook
Language:English
Published: Bethesda, Md. : ProQuest, 2018.
Subjects:
Online Access:electronic resource (pdf)

MARC

Tag First Indicator Second Indicator Subfields
LEADER 00000cam a22000001i 4500
001 in00004157021
005 20200117101247.0
006 m d f
007 cr bn mmmapmmp
008 190109s2018 mdu o f000 0 eng d
024 8 |a hrghrg2018hnr186169 
024 8 |a chdc20180891 
035 |a chdc20180891 
040 |a UMI  |c UMI  |e rda  |d UtOrBLW 
043 |a n-us--- 
086 0 |a Y4.R31/3:115-48 
110 1 |a United States.  |b Congress.  |b House.  |b Committee on Natural Resources.  |b Subcommittee on Federal Lands,  |e issuing body.  |0 http://id.loc.gov/authorities/names/no2016066495 
245 1 0 |a Oversight Hearing on Wildfire Risk, Forest Health, and Associated Management Priorities of the U.S. Forest Service. 
264 1 |a Bethesda, Md. :  |b ProQuest,  |c 2018. 
300 |a 53 pages, digital, PDF file. 
336 |a text  |2 rdacontent  |b txt 
337 |a computer  |b c  |2 rdamedia 
338 |a online resource  |2 rdacarrier  |b cr 
500 |a Record is based on bibliographic data in ProQuest U.S. Congressional Hearings Digital Collection. Reuse except for individual research requires license from ProQuest, LLC. 
500 |a "June 7, 2018." 
500 |a Committee on Natural Resources Serial Number 115-48. 
538 |a System requirements: PDF reader software. 
533 |a Electronic reproduction.  |b [Bethesda, Md.] :  |c ProQuest,  |d 2018.  |e digital, PDF file.  |n ProQuest Congressional Hearings Digital Collection.  |n Mode of access: World Wide Web via ProQuest website. 
650 0 |a Federal aid to fire prevention  |z United States.  |0 http://id.loc.gov/authorities/subjects/sh2009124177 
650 0 |a Forest management  |z United States.  |0 http://id.loc.gov/authorities/subjects/sh2008103626 
650 0 |a Wildfires  |z United States  |x Prevention and control  |x Planning. 
610 1 0 |a United States.  |b Forest Service.  |0 http://id.loc.gov/authorities/names/n79054932 
776 0 8 |a United States. Congress. House. Committee on Natural Resources. Subcommittee on Federal Lands.  |t Oversight Hearing on Wildfire Risk, Forest Health, and Associated Management Priorities of the U.S. Forest Service.  |o CIS 2018 H581-186169 
856 4 0 |u http://proxy.library.tamu.edu/login?url=http://congressional.proquest.com/congcomp/getdoc?hearing-id=hrg-2018-hnr-186169  |y electronic resource (pdf)  |z cis 2018 h581-186169  |t 0 
999 f f |s 7d59b1cf-5c93-3b39-9d6c-9b957514dc93  |i 78ac9d44-1708-3564-82a5-870eb8610fc3  |t 0 
952 f f |a Texas A&M University  |b College Station  |c Electronic Resources  |d Available Online  |t 0  |e Y4.R31/3:115-48  |h Superintendent of Documents classification 
998 f f |a Y4.R31/3:115-48  |t 0  |l Available Online